Daily Capital City Riddle #94 - Statistics

General Stats
  • This quiz has been taken 39 times
  • The average score is 29 of 33
Answer Stats
Type Answer % Correct
Found Letter A
100%
Alphabet Letter B
100%
Alphabet Letter E
100%
Found Letter I
100%
Alphabet Letter L
100%
Alphabet Letter N
100%
Found Letter R
100%
Correctly Placed Letter A
96%
Alphabet Letter C
96%
Alphabet Letter G
96%
Alphabet Letter M
96%
Alphabet Letter O
96%
Alphabet Letter S
96%
Alphabet Letter T
96%
Found Letter D
93%
Found Letter H
93%
Alphabet Letter W
93%
Alphabet Letter J
85%
Alphabet Letter K
85%
Alphabet Letter P
85%
Alphabet Letter U
85%
Alphabet Letter V
85%
Found Letter Y
85%
Alphabet Letter X
78%
Correctly Placed Letter I
74%
Alphabet Letter F
70%
Alphabet Letter Q
70%
Alphabet Letter Z
70%
Correctly Placed Letter D
67%
Correctly Placed Letter H
67%
Correctly Placed Letter R
67%
Mystery Capital Riyadh
67%
Correctly Placed Letter Y
67%
No matching quizzes found
Score Distribution
Percent of People with Each Score
Percentile by Number Answered
Your Score History
You have not taken this quiz